MARC details
| 000 -LEADER |
| campo de control de longitud fija |
00735nam a22002417a 4500 |
| 005 - FECHA Y HORA DE LA ÚLTIMA TRANSACCIÓN |
| campo de control |
20181020185010.0 |
| 006 - CÓDIGOS DE INFORMACIÓN DE LONGITUD FIJA--CARACTERÍSTICAS DEL MATERIAL ADICIONAL |
| campo de control de longitud fija |
a||||fr|||| 001 0d |
| 007 - CAMPO FIJO DE DESCRIPCIÓN FÍSICA--INFORMACIÓN GENERAL |
| campo de control de longitud fija |
ta |
| 008 - DATOS DE LONGITUD FIJA--INFORMACIÓN GENERAL |
| campo de control de longitud fija |
180710t2016 bl ||||fr|||| 001 0dspa d |
| 020 ## - NÚMERO INTERNACIONAL ESTÁNDAR DEL LIBRO |
| Número Internacional Estándar del Libro |
978853625639 |
| 040 ## - FUENTE DE CATALOGACIÓN |
| Centro catalogador/agencia de origen |
Udec |
| Centro/agencia transcriptor |
Udec |
| 041 1# - CÓDIGO DE IDIOMA |
| Código de lengua del texto/banda sonora o título independiente |
spa |
| Código de lengua original |
bl |
| 082 7# - NÚMERO DE LA CLASIFICACIÓN DECIMAL DEWEY |
| Información de edición |
21 |
| Número de clasificación |
340.1 Z34 |
| 100 1# - ENTRADA PRINCIPAL--NOMBRE DE PERSONA |
| 9 (RLIN) |
5 |
| Nombre de persona |
Zantonelli, Maurício |
| Término indicativo de función/relación |
Coordinador |
| 245 13 - MENCIÓN DEL TÍTULO |
| Título |
Teoría de la argumentación juridica |
| Mención de responsabilidad, etc. |
Zantonelli, Maurício; editor José Ernani de Carvalho Pacheco |
| 250 ## - MENCION DE EDICION |
| Mención de edición |
1a ed. |
| 260 ## - PUBLICACIÓN, DISTRIBUCIÓN, ETC. |
| Lugar de publicación, distribución, etc. |
Curitiba: |
| Nombre del editor, distribuidor, etc. |
Jurua, |
| Fecha de publicación, distribución, etc. |
2016 |
| 300 ## - DESCRIPCIÓN FÍSICA |
| Extensión |
480 p. |
| Dimensiones |
25 cm. |
| 650 17 - PUNTO DE ACCESO ADICIONAL DE MATERIA--TÉRMINO DE MATERIA |
| Fuente del encabezamiento o término |
LEMB |
| 9 (RLIN) |
7 |
| Término de materia o nombre geográfico como elemento de entrada |
ARGUMENTACIÓN JURÍDICA |
| 650 17 - PUNTO DE ACCESO ADICIONAL DE MATERIA--TÉRMINO DE MATERIA |
| Fuente del encabezamiento o término |
LEMB |
| 9 (RLIN) |
8 |
| Término de materia o nombre geográfico como elemento de entrada |
DERECHO FUNDAMENTAL |
| 700 ## - ENTRADA AGREGADA--NOMBRE PERSONAL |
| 9 (RLIN) |
9 |
| Nombre de persona |
de Carvalho Pacheco, José Ernai |
| Término indicativo de función/relación |
ed. |
| 942 ## - ELEMENTOS DE ENTRADA SECUNDARIOS (KOHA) |
| Fuente del sistema de clasificación o colocación |
Clasificación Decimal Dewey |
| Tipo de ítem Koha |
Libros |
| Edición |
1a |